| 000 | 00312 a2200133 4500 | ||
|---|---|---|---|
| 001 | 59301 | ||
| 082 | _a519.4 ATK | ||
| 090 |
_c36327 _d36327 |
||
| 100 | _aatkinson ken | ||
| 245 | _aIntroduction to numerical analysis, 2/e | ||
| 250 | _a2 | ||
| 260 |
_aNY _bJohn Wiley & Sons _c1988 |
||
| 300 | _axvii, 694 p. | ||
| 942 |
_aNUST-CAE _k519.4 ATK |
||
| 999 |
_c294374 _d294374 |
||